Tập bài giảng chính trị học : Hệ Cao cấp lý luận chính trị (Lưu hành nội bộ)
Tài liệu trang bị một cách có hệ thống kiến thức và thực tiễn về chính trị, nâng cao nhận thức chính trị, giữ vững và kiên định con đường đi lên chủ nghĩa xã hội. Tạo cơ sở khoa học về lý luận và thực tiễn cho việc xây dựng, đổi m...
Đã lưu trong:
| 主要作者: | |
|---|---|
| 格式: | 圖書 |
| 語言: | Undetermined |
| 出版: |
Hà Nội
Lý luận Chính trị
2004
|
| 主題: | |
| 標簽: |
添加標簽
沒有標簽, 成為第一個標記此記錄!
|
| Thư viện lưu trữ: | Trung tâm Học liệu Trường Đại học Cần Thơ |
|---|
| LEADER | 01215nam a2200205Ia 4500 | ||
|---|---|---|---|
| 001 | CTU_153566 | ||
| 008 | 210402s9999 xx 000 0 und d | ||
| 082 | |a 320.01 | ||
| 082 | |b V312 | ||
| 100 | |a Nguyễn, Văn Vĩnh | ||
| 245 | 0 | |a Tập bài giảng chính trị học : | |
| 245 | 0 | |b Hệ Cao cấp lý luận chính trị (Lưu hành nội bộ) | |
| 245 | 0 | |c Nguyễn Văn Vĩnh chủ biên | |
| 260 | |a Hà Nội | ||
| 260 | |b Lý luận Chính trị | ||
| 260 | |c 2004 | ||
| 520 | |a Tài liệu trang bị một cách có hệ thống kiến thức và thực tiễn về chính trị, nâng cao nhận thức chính trị, giữ vững và kiên định con đường đi lên chủ nghĩa xã hội. Tạo cơ sở khoa học về lý luận và thực tiễn cho việc xây dựng, đổi mới và hoàn thiện thể chế chính trị xã hội chủ nghĩa ở Việt Nam dưới sự lãnh đạo của Đảng Cộng sản. | ||
| 650 | |a Politics and government,Political science | ||
| 904 | |i Bạch Trúc | ||
| 980 | |a Trung tâm Học liệu Trường Đại học Cần Thơ | ||